000 00753nam a2200253Ia 4500
003 OSt
005 20220918222306.0
006 a|||||r|||| 00| 0
007 ta
008 220917b |||||||| |||| 00| 0 eng d
024 _a216,358
037 _cTextual
040 _aARTS
_cARTS
_beng
041 _2eng
_aeng
082 _aY:1:7.2, P3
100 _aSivaramakrishnan K Ed.
_930722
245 0 _aRegional modernities
_b the cultural politics of development in India
260 _aNew Delhi
_bOxford University Press
_c2003
300 _axv, 452p.
_ccm.
650 _aSOCIOLOGY
700 _a Agrawal Arun Ed.
_9140562
942 _hY:1:7.2, P3
_cTEXL
_2CC
999 _c275099
_d275099